Statistics for Germany Euro 2020 Squad

Click here to take the quiz!

General Stats

  • This quiz has been taken 2,378 times
  • The average score is 16 of 27

Answer Stats

#PositionPlayer% Correct
1GK ©Manuel Neuer
99%
25MFThomas Müller
91%
6MFJoshua Kimmich
87%
5DFMats Hummels
86%
11FWTimo Werner
82%
7MFKai Havertz
81%
10FWSerge Gnabry
81%
19MFLeroy Sané
79%
18MFLeon Goretzka
75%
2DFAntonio Rüdiger
73%
8MFToni Kroos
72%
15DFNiklas Süle
69%
ManagerJoachim Löw
66%
21MFİlkay Gündoğan
64%
22GKKevin Trapp
61%
12GKBernd Leno
57%
20DFRobin Gosens
55%
4DFMatthias Ginter
52%
14MFJamal Musiala
48%
23MFEmre Can
39%
9FWKevin Volland
35%
16DFLukas Klostermann
35%
3DFMarcel Halstenberg
27%
26DFChristian Günter
26%
17MFFlorian Neuhaus
20%
13MFJonas Hofmann
19%
24DFRobin Koch
16%

Score Distribution

Percentile by Number Answered

Percent of People with Each Score

Your Score History

You have not taken this quiz